| 000 | nam a22 7a 4500 | ||
|---|---|---|---|
| 999 |
_c16326 _d16326 |
||
| 008 | 161109b xxu||||| |||| 00| 0 eng d | ||
| 020 | _a051770062X | ||
| 020 | _a9780517700624 | ||
| 020 | _a0517886871 | ||
| 020 | _a9780517886878 | ||
| 050 | _aLC 4691 .R57 1995 | ||
| 100 | _aRimm, Sylvia | ||
| 245 |
_aWhy bright kids get poor grades : _band what you can do about it/ _cSylvia Rimm |
||
| 260 |
_aNew York : _bCrown Publishers, _c©1995. |
||
| 300 |
_axxii, 425p. : _bill. ; |
||
| 500 | _aIncludes bibliography and index. | ||
| 650 |
_aUnderachievers _xUnited States. |
||
| 650 |
_aAcademic achievement _xUnited States. |
||
| 650 | _aPersonality and academic achievement. | ||
| 942 |
_2lcc _cBOOKS _hLC 4691 .R57 1995 _06 |
||